Előszó
Elmentve itt :
| Szerző: | |
|---|---|
| Dokumentumtípus: | Könyv része |
| Megjelent: |
2005
|
| Sorozat: | Szövegek között
9 Szegedi tanulmányok az irodalomtörténet/elmélet, a néprajz, a képzőművészet és a művelődéstörténet köréből 9 |
| Kulcsszavak: | Irodalomtudomány - előszó |
| Tárgyszavak: | |
| Online Access: | http://acta.bibl.u-szeged.hu/32040 |
| LEADER | 00782naa a2200217 i 4500 | ||
|---|---|---|---|
| 001 | acta32040 | ||
| 005 | 20220208114650.0 | ||
| 008 | 161017s2005 hu o 0|| hun d | ||
| 022 | |a 1418-0480 | ||
| 040 | |a SZTE Egyetemi Kiadványok Repozitórium |b hun | ||
| 041 | |a hun | ||
| 100 | 1 | |a Fried István | |
| 245 | 1 | 0 | |a Előszó |h [elektronikus dokumentum] / |c Fried István |
| 260 | |c 2005 | ||
| 300 | |a 1-3 | ||
| 490 | 0 | |a Szövegek között |v 9 | |
| 490 | 0 | |a Szegedi tanulmányok az irodalomtörténet/elmélet, a néprajz, a képzőművészet és a művelődéstörténet köréből |v 9 | |
| 650 | 4 | |a Bölcsészettudományok | |
| 650 | 4 | |a Nyelvek és irodalom | |
| 695 | |a Irodalomtudomány - előszó | ||
| 856 | 4 | 0 | |u http://acta.bibl.u-szeged.hu/32040/1/szovegek_009_001-003.pdf |z Dokumentum-elérés |